| 000 | 00695nam a2200253 a 4500 | ||
|---|---|---|---|
| 005 | 20210219152909.0 | ||
| 008 | 991125n 000 0 spa u | ||
| 035 | _aUPN01000066135 | ||
| 100 | 1 | _aBaro, Mónica | |
| 222 | _aEDUCACIÓN Y BIBLIOTECA : | ||
| 222 | _bREVISTA MENSUAL DE DOCUMENTACION Y RECURSOS DIDACTICOS | ||
| 245 | _aBibliotecas escolares con vistas al futuro | ||
| 260 | _aMadrid, España | ||
| 300 | _a26-27 | ||
| 362 | 0 | _a1994 No. 50, oct. | |
| 653 | 0 | _aADMINISTRACION | |
| 653 | 0 | _aBIBLIOTECA ESCOLAR | |
| 653 | 0 | _aESPAÑA | |
| 653 | 0 | _aSERVICIOS BIBLIOTECARIOS | |
| 700 | 1 | _aManá, Teresa, | |
| 700 | 1 | _ecoaut. | |
| 904 |
_aAC _b003946 |
||
| 905 | _aArticulo | ||
| 999 |
_c63323 _d63323 |
||